000 01089cam a2200289 i 4500
001 20558652
003 ARRUPE
005 20240208120702.0
008 180627s2018 rh a b 001 0beng
010 _a 2018354347
020 _a9781779223234 (p/b)
020 _a9781779223241 (epub)
040 _aDLC
_beng
_erda
_cDLC
042 _alcode
_apcc
043 _af-rh---
050 0 0 _aDT2984.T63
_bW66 2018
100 1 _aWoodhouse, Susan
_c(Biographer of Garfield Todd),
_eauthor.
_952411
245 1 0 _aGarfield Todd :
_bthe end of the liberal dream in Rhodesia : authorised biography /
_cSusan Woodhouse.
260 _aHarare
_bWeaver Press
_c2018
300 _axli, 564 pages :
_billustrations ;
_c23 cm
504 _aIncludes bibliographical references (pages 533-539) and index.
600 1 0 _aTodd, Garfield,
_d1908-2002.
_952412
650 0 _aPoliticians
_zZimbabwe
_vBiography.
_922831
906 _a7
_bcbc
_corigode
_d3
_encip
_f20
_gy-gencatlg
942 _2lcc
_cMONOGRAPH
999 _c131789
_d131789